The Journal of brand technology.
| Published: |
Surrey, UK:
Pira International,
2006.
|
|---|---|
| Subjects: |
| LEADER | 00564cam a2200169 7i4500 | ||
|---|---|---|---|
| 001 | 0000011846 | ||
| 005 | 20140919090000.0 | ||
| 022 | |a 1475-0929 | ||
| 090 | 0 | 0 | |a HF5415 |b .B73 |
| 245 | 0 | 4 | |a The Journal of brand technology. |
| 260 | |a Surrey, UK: |b Pira International, |c 2006. | ||
| 300 | |a v.; |c 30 cm. | ||
| 500 | |a Provides independent analysis and assesment of brand protection and packaging technologies | ||
| 500 | |a Library has: Jan-Dec 2006; Stop subscription | ||
| 650 | 0 | 0 | |a Technology |
| 650 | 0 | 0 | |a Bound journal |
| 999 | |a SER0000049 |b SERIALS |c SERIALS |e 2nd Floor, Shah Alam | ||